00373nam a2200145 a 45000010005000000030009000050080041000140400028000550820017000831000024001002450027001242600030001513000010001816500036001914581CO-ViMGA141112s2004 ck r 000 u spa d aCO-ViMGAbspacCO-ViMGA04a928.4 B318fu1 aBeauvoir, Simone de10aLa fuerza de las cosas aMexico : bHermes, c1997 a762 p14aBEAUVOIR, SIMONE DE 1908 - 1986